000 00774cam a2200277 i 4500
999 _c3000
_d3000
001 020647483
003 UkOxU
005 20230914134236.0
008 160902s2016 enk 000 d eng c
015 _aGBB6C6965
_2bnb
020 _a9780573112058 (paperback)
035 _a(StEdNL)7925613
035 _a(Uk)018008050
040 _aStEdNL
_beng
_erda
_cStEdNL
_dKH8
042 _aukscp
082 _a823.914 FAU
100 1 _aFaulks, Sebastian,
_eauthor.
245 1 0 _aBirdsong /
_cby Sebastian Faulks ; adapted by Rachel Wagstaff.
264 1 _aLondon :
_bSamuel French,
_c[2016]
300 _a92 pages ;
_c22 cm
336 _atext
_2rdacontent
337 _aunmediated
_2rdamedia
338 _avolume
_2rdacarrier
700 _aWagstaff, Rachel.
942 _2ddc
_cTR